Teoretické problémy určenia optimálnych rezných podmienok /

Salvato in:
Dettagli Bibliografici
Autore principale: Békés, Ján (Autore)
Natura: Manoscritto Libro
Pubblicazione: Bratislava : Service Fachverlag, 1965
Tags: Aggiungi Tag
Nessun Tag, puoi essere il primo ad aggiungerne!!

MARC

LEADER 00000ntm a22000003a 4500
001 stu47396
005 20150617225711.3
008 ------s1965----cs----------------------d
040 |a STU  |b slo 
041 0
044 |a cs 
080 |a 621.9.01 
100 1 |a Békés, Ján  |4 aut  |u M160  |U MTF Ústav výrobných technológií  |T MTF Katedra obrábania a montáže  |U M160  |Y M160 
245 1 |a Teoretické problémy určenia optimálnych rezných podmienok /  |c [aut.] Békés,Ján 
260 |a Bratislava :  |b Service Fachverlag,  |c 1965 
300 |a 181 s 
996 |b 284J002764  |c J*10434/HAB.  |l JJSK  |s A  |a 24  |w stu47396_0001